Λεξικό της ελληνικής και ρωμαικής μυθολογίας = Dictionnaire de la mythologie grecque et romaine

Αποθηκεύτηκε σε:
Λεπτομέρειες βιβλιογραφικής εγγραφής
Κύριος συγγραφέας: Crimal, Pierre
Άλλοι συγγραφείς: Ατσαλος, Βασίλειος Α. (Επιμελητής έκδοσης)
Μορφή: Βιβλίο
Γλώσσα:Greek
French
Δημοσίευση: Αθήνα : University Studio Press, 1991.
Θέματα:
Ετικέτες: Προσθήκη ετικέτας
Δεν υπάρχουν, Καταχωρήστε ετικέτα πρώτοι!

MARC

LEADER 00000cam a2200000 i 4500
001 1/26960
008 981007s1991 gr | ||| |||| ||gre||
020 |a 9601202730 
035 |l 10068348 
040 |a GR-MyUA  |b gre  |e AACR2 
041 1 |a gre  |h fre 
082 0 |a 292.1303 
100 1 |a Crimal, Pierre. 
245 1 0 |a Λεξικό της ελληνικής και ρωμαικής μυθολογίας =   |b Dictionnaire de la mythologie grecque et romaine /   |c Pierre Grimal ; επιμέλεια Βασ. Ατσαλος.  
260 |a Αθήνα :   |b University Studio Press,   |c 1991.  
300 |a xviii, 1194 σ. :   |b εικ. ;   |c 25 εκ.  
500 |a Περιέχει βιβλιογραφία και ευρετήριο.  
650 0 0 |a Mythology, Roman. 
650 0 0 |a Mythology, Classical  |x Dictionaries. 
650 0 0 |a Mythology, Greek. 
700 1 |a Ατσαλος, Βασίλειος Α.  |e edt 
852 |a INST  |b LESVOS  |e 20020827  |h 292.1303 GRI  |p 005100026843  |q 005100026843  |t REF  |y 23 
852 |a INST  |b LESVOS  |e 20060112  |h 292.1303 GRI  |p 005100033896  |q 005100033896  |t REF  |y 23 
852 |a INST  |b SAMOS  |e 19981007  |h 292.1303 GRI  |p 005300010497  |q 005300010497  |t REF  |y 23 
901 |a BIBL3-1998-3 
901 |a BIBL1-2003-3 
901 |a BIBL1-2006-1 
909 |a Σ  |b 049979 
909 |a Λ  |b 102288 
909 |a Λ  |b 124524 
920 |a ΕΠΕΑΕΚ ΚΟΙΝΩΝΙΚΗΣ ΑΝΘΡΩΠΟΛΟΓΙΑΣ  |y Λέσβος  |z 2005-11 
922 |a 3ΕΛΗ  |b 199810  |c ΒΙΒΛΙΟΘΗΚΗ  |d ΜΙΧΑΛΟΠΟΥΛΟΣ 
922 |a 1ΕΛΗ  |b 200206  |c ΤΑΚ/ΚΥΒ  |d ΠΑΠΑΣΩΤΗΡΙΟΥ 
950 |a 117-2002-07-04